Writing academic English / (Record no. 1179)

000 -LEADER
fixed length control field 01425cam a2200313 a 4500
003 - CONTROL NUMBER IDENTIFIER
control field OSt
005 - DATE AND TIME OF LATEST TRANSACTION
control field 20210624081630.0
008 - FIXED-LENGTH DATA ELEMENTS--GENERAL INFORMATION
fixed length control field 210624b ||||| |||| 00| 0 eng d
020 ## - INTERNATIONAL STANDARD BOOK NUMBER
International Standard Book Number 0131523597
020 ## - INTERNATIONAL STANDARD BOOK NUMBER
International Standard Book Number 9780131523593
040 ## - CATALOGING SOURCE
Transcribing agency ALUPE UNIVERSITY
050 00 - LIBRARY OF CONGRESS CALL NUMBER
Classification number PE1408
Item number .H6644 2006
100 1# - MAIN ENTRY--PERSONAL NAME
Personal name Oshima, Alice.
Authority record control number or standard number http://id.loc.gov/authorities/names/n87132955
245 10 - TITLE STATEMENT
Title Writing academic English /
Statement of responsibility, etc. Alice Oshima, Ann Hogue.
250 ## - EDITION STATEMENT
Edition statement 4th ed.
260 ## - PUBLICATION, DISTRIBUTION, ETC.
Place of publication, distribution, etc. White Plains, NY :
Name of publisher, distributor, etc. Pearson/Longman,
Date of publication, distribution, etc. c2006.
300 ## - PHYSICAL DESCRIPTION
Extent xi, 337 p. :
Other physical details ill. ;
Dimensions 28 cm.
500 ## - GENERAL NOTE
General note Includes index.
650 #0 - SUBJECT ADDED ENTRY--TOPICAL TERM
Topical term or geographic name entry element English language
General subdivision Rhetoric
Form subdivision Handbooks, manuals, etc.
Authority record control number or standard number http://id.loc.gov/authorities/subjects/sh2008103156
650 #0 - SUBJECT ADDED ENTRY--TOPICAL TERM
Topical term or geographic name entry element English language
General subdivision Grammar
Form subdivision Handbooks, manuals, etc.
Authority record control number or standard number http://id.loc.gov/authorities/subjects/sh2008103117
650 #0 - SUBJECT ADDED ENTRY--TOPICAL TERM
Topical term or geographic name entry element English language
Form subdivision Textbooks for foreign speakers.
Authority record control number or standard number http://id.loc.gov/authorities/subjects/sh85043745
650 #0 - SUBJECT ADDED ENTRY--TOPICAL TERM
Topical term or geographic name entry element Academic writing
Form subdivision Handbooks, manuals, etc.
Authority record control number or standard number http://id.loc.gov/authorities/subjects/sh2007100499
650 #0 - SUBJECT ADDED ENTRY--TOPICAL TERM
Topical term or geographic name entry element Report writing
Form subdivision Handbooks, manuals, etc.
Authority record control number or standard number http://id.loc.gov/authorities/subjects/sh2008110708
700 1# - ADDED ENTRY--PERSONAL NAME
Personal name Hogue, Ann.
Authority record control number or standard number http://id.loc.gov/authorities/names/n87132960
942 ## - ADDED ENTRY ELEMENTS (KOHA)
Source of classification or shelving scheme
Koha item type Book
Suppress in OPAC MM
Holdings
Withdrawn status Lost status Source of classification or shelving scheme Damaged status Not for loan Permanent Location Current Location Shelving location Date acquired Total Checkouts Full call number Barcode Date last seen Date last checked out Price effective from Koha item type Public note
          AU LIBRARY AU LIBRARY Open Shelf 24.06.2021 1 PE1408 .H6644 2006 28002889 30.11.2021 24.11.2021 24.06.2021 Book MM

Powered by Koha